|
|
|
|
| LEADER |
01304cam a2200289 7i4500 |
| 001 |
0000078866 |
| 005 |
20140622090000.0 |
| 008 |
091208s2009 nyu eng |
| 020 |
# |
0 |
|a 0387729690
|
| 020 |
# |
0 |
|a 9780387729695
|
| 090 |
0 |
0 |
|a HD 1417
|b .P3 2009
|
| 245 |
0 |
0 |
|a Payment for environmental services in agricultural landscapes :
|b economic policies and poverty reduction in developing countries
|c edited by Leslie Lipper ... [et al.].
|
| 260 |
# |
# |
|a [New York]:
|b Springer,
|c 2009.
|
| 300 |
# |
# |
|a xvi, 283 p.:
|b ill., maps;
|c 25 cm..
|
| 490 |
0 |
0 |
|a Natural resource management and policy
|
| 504 |
0 |
0 |
|a Includes bibliographical references and index
|
| 590 |
# |
# |
|a Pusat Pengajian Pembangunan Sosial dan Ekonomi
|
| 590 |
# |
# |
|a Pusat Pengajian Sains dan Teknologi Makanan
|
| 650 |
0 |
0 |
|a Agriculture and state --
|x Developing countries
|
| 650 |
0 |
0 |
|a Agricultural industries --
|x Environmental aspects --
|x Developing countries
|
| 650 |
0 |
0 |
|a Sustainable agriculture --
|x Developing countries
|
| 650 |
0 |
0 |
|a Agricultural industries --
|x Government policy --
|x Developing countries --
|x Finance
|
| 651 |
0 |
0 |
|a Developing countries --
|x Economic policy
|
| 700 |
1 |
1 |
|a Stinger, Randy
|
| 700 |
1 |
1 |
|a Zilberman, David
|
| 700 |
1 |
1 |
|a Lipper, Leslie
|
| 999 |
|
|
|a 1100072700
|b Book
|c Open Shelf
|e KOLEKSI TERBUKA
|